Programa de las lecciones de geodesia explicadas durante el curso de 1866 a 1867 / (Record no. 164165)

MARC details
000 -LEADER
campo de control de longitud fija 01036nam a22002295i 4500
001 - NÚMERO DE CONTROL
campo de control 164165
003 - IDENTIFICADOR DE NÚMERO DE CONTROL
campo de control ES-MaACL
005 - FECHA Y HORA DE LA ÚLTIMA TRANSACCIÓN
campo de control 20250724075216.0
008 - DATOS DE LONGITUD FIJA--INFORMACIÓN GENERAL
campo de control de longitud fija 991006s1867 sp |||| | spa d
080 ## - NÚMERO DE LA CLASIFICACIÓN DECIMAL UNIVERSAL
Número de la Clasificación Decimal Universal 528.2
100 1# - ENTRADA PRINCIPAL--NOMBRE DE PERSONA
Nombre de persona Ruiz de Salazar, Emilio.
9 (RLIN) 132185
245 10 - MENCIÓN DEL TÍTULO
Título Programa de las lecciones de geodesia explicadas durante el curso de 1866 a 1867 /
Mención de responsabilidad, etc. por Emilio Ruiz de Salazar.
260 ## - PUBLICACIÓN, DISTRIBUCIÓN, ETC.
Lugar de publicación, distribución, etc. Madrid :
Nombre del editor, distribuidor, etc. [s.n.],
Fecha de publicación, distribución, etc. 1867 (
Fabricante Imp. de Santiago Aguado)
300 ## - DESCRIPCIÓN FÍSICA
Extensión 44 p., [1] h. pleg. ;
Dimensiones 23 cm.
594 ## - Nota al título y mención de responsabilidad
Nota al título y mención de responsabilidad Precede al tít.: Facultad de Ciencias, 1ª Sección de Exactas, período de la licenciatura.
599 ## - NOTA A LAS ILUSTRACIONES
NOTA A LAS ILUSTRACIONES "Exposición sinóptica de la geomorfia terrestre"
650 #7 - PUNTO DE ACCESO ADICIONAL DE MATERIA--TÉRMINO DE MATERIA
Término de materia o nombre geográfico como elemento de entrada Geodesia
Fuente del encabezamiento o término embne
9 (RLIN) 13068
710 2# - ENTRADA AGREGADA--NOMBRE DE ENTIDAD CORPORATIVA
Nombre de entidad corporativa o nombre de jurisdicción como elemento de entrada Universidad Central (Madrid).
Unidad subordinada Facultad de Ciencias.
9 (RLIN) 7088
852 4# - LOCALIZACIÓN
Ubicación ES-MaACL
Número de control de estantería T-157-F-3
Nota libre - Enc. hol., falto de cub. original
-- - Enc. en un vol. facticio
852 4# - LOCALIZACIÓN
Ubicación ES-MaACL
Número de control de estantería T-85-F-9
Nota libre - Enc. hol., falto de cub. original
-- - Enc. en un vol. facticio
Holdings
Estatus retirado Estado de pérdida Estado de daño No para préstamo Colección Biblioteca de origen Biblioteca actual Ubicación en estantería Fecha de adquisición Total de préstamos Signatura topográfica completa Código de barras Visto por última vez Precio de reemplazo Tipo de ítem Koha
        Colección de folletos Biblioteca del Ateneo de Madrid Biblioteca del Ateneo de Madrid Depósito folletos 17/01/2008   T-85-F-9 1172057 23/02/2023 23/02/2023 Folleto
        Colección de folletos Biblioteca del Ateneo de Madrid Biblioteca del Ateneo de Madrid Depósito folletos 17/01/2008   T-157-F-3 1172056 23/02/2023 23/02/2023 Folleto